000 00293nam a22001217a 4500
082 _a823
_bPAT/S
100 _aSARNEY, PATRICIA BARNES
245 _aSTAR TREEK VOYAGER - GUARENTEED
260 _aNEWYORK
_bMINISTEEL
_c1997
300 _a114
650 _aENGLISH STORY
_zUNITED STATES
942 _cBK
999 _c7288
_d7288